000 02069cam a22004814i 4500
003 PE-LiUPU
005 20250731173059.0
008 150623s1995 flu r 000 0 spa d
020 _a0829705120
035 _a(Sirsi) i9780829705126
040 _aPE-LiUPU
_bspa
_cPE-LiUPU
_erda
049 _aPRUA
082 0 4 _a220.7
_bP341995
_221
100 1 _aPearlman, Myer,
_eautor.
245 1 0 _aA través de la Biblia :
_blibro por libro /
_cMyer Pearlman.
264 1 _aMiami, Florida :
_bVida,
_c1995.
300 _a347 páginas ;
_c22 centímetros
336 _atext
_2rdacontent
337 _aunmediated
_2rdamedia
338 _avolume
_2rdacarrier
505 0 _aEl antiguo Testamento - ley e historia -- El Antiguo Testamento - Poesías y profecía -- El Nuevo Testamento - Los Evangelios y Hechos -- El Nuevo Testamento - Epístolas y Apocalipsis.
526 _aSEG42
526 _aSEG41
526 _aSEG40
526 _aSEG39
526 _aP94
526 _aP87
526 _aP86
526 _aP85
526 _aP77
526 _aP76
526 _aP35
541 _g003-0003441;
630 0 4 _aBiblia
_xIntroducciones.
_92045
942 _2ddc
_cBOOK
949 _a220.7 P34 1995
_wDEWEY
_c1
_i57654
_d2016-5-3
_e2016-4-29
_lCCODEBUL1
_mBUL
_n3
_p13.00
_r0
_sY
_tBOOK
_u2015-6-24
_xTEOLOGIA
_PP35
_0COMPRA
_o.STAFF. Colección General
949 _a220.7 P34 1995
_wDEWEY
_c2
_i48765
_d2016-3-28
_e2016-3-28
_lCCODEBUL1
_mBUL
_n1
_r0
_sY
_tBOOK
_u2015-6-24
_xTEOLOGIA
_PP35
_0COMPRA
_o.STAFF. Colección General
994 _aC0
_bPEPRU
596 _a1
999 _a220.7 P34 1995
_wDEWEY
_c27932
_i57654
_d27932
_e2016-4-29
_f2021-11-11
_g5
_lCCODEBUL1
_mBUL
_n3
_p13.00
_q2
_r0
_sY
_tBOOK
_u2015-6-24
_xTEOLOGIA
_PP35
_0COMPRA
_o.STAFF. Colección Teología
999 _a220.7 P34 1995
_wDEWEY
_c2
_i48765
_d2019-11-25
_e2016-3-28
_f2021-11-11
_g5
_lCCODEBUL1
_mBUL
_n1
_p13.00
_q1
_r0
_sY
_tBOOK
_u2015-6-24
_xTEOLOGIA
_PP35
_0COMPRA
_o.STAFF. Colección Teología
980 _81
_gALBERTO SANCHEZ Responsable de Automatización